000 00284nam a2200121Ia 4500
008 190216s9999||||xx |||||||||||||| ||und||
100 _aJohn Donne
245 4 _aThe Complete English Poem
260 _bPenguin Books
_c1971
300 _a675p
650 _aEnglish Poetry
942 _cBK
999 _c12865
_d12865